Conjunction Conjunction Quiz Stats

 Plays Quiz Updated May 13, 2014

Support Sporcle.
Go Orange.
Score 0/18 Timer 06:00
0 Plays Today
Conjunction + Clue Conjunction Word % Correct
BUT + Sonny's singing partnerCHER → BUTCHER
92.3%
BUT + 2000 poundsTON → BUTTON
90.9%
AND + Opposite of underOVER → ANDOVER
90.9%
OR + Male childSON → ORSON
89.6%
AND + Note before miRE → ANDRÉ
88.2%
BUT + Clock soundsTOCKS → BUTTOCKS
87.3%
NOR + Actor PatinkinMANDY → NORMANDY
86.2%
NOR + Captain Reynolds of 'Firefly'MAL → NORMAL
83.4%
NOR + Male reproductive fluidSEMEN → NORSEMEN
83.1%
Conjunction + Clue Conjunction Word % Correct
AND + A type of beerALE → ÁNDALE
78.4%
OR + Director LeeANG → ORANG
78%
AND + Payment to play pokerANTE → ANDANTE
77%
NOR + PeopleFOLK → NORFOLK
74.8%
AND + Type of golf clubIRON → ANDIRON
73%
NOR + Interjection of delight or reliefAH → NORAH
71.3%
BUT + A long lock of hairTRESS → BUTTRESS
71.1%
OR + Train in ChicagoEL → OREL
66.1%
OR + Left or not remainingGONE → ORGONE
48.7%

From the Vault

Follow That Line: Friends

by iknow

For this Friends quiz, we just wanted to shout 'We were on a break!" after every single answer.
Remove Ads.
Support Sporcle.
Get the best of Sporcle when you Go Orange. This ad-free experience offers more features, more stats, and more fun while also helping to support Sporcle. Thank you for becoming a member.

Show Comments

Extras

Top Quizzes Today


Score Distribution

Your Account Isn't Verified!

In order to create a playlist on Sporcle, you need to verify the email address you used during registration. Go to your Sporcle Settings to finish the process.

Report this User

Report this user for behavior that violates our Community Guidelines.

Details: